Bienvenida, intrusa (Record no. 27589)
[ view plain ]
| 000 -LEADER | |
|---|---|
| fixed length control field | 00500nam a22002057a 4500 |
| 001 - CONTROL NUMBER | |
| control field | sjds |
| 003 - CONTROL NUMBER IDENTIFIER | |
| control field | sjds |
| 005 - DATE AND TIME OF LATEST TRANSACTION | |
| control field | 20221221201135.0 |
| 008 - FIXED-LENGTH DATA ELEMENTS--GENERAL INFORMATION | |
| fixed length control field | 221221b sp ||||| |||| 00| 0 spa d |
| 020 ## - INTERNATIONAL STANDARD BOOK NUMBER | |
| International Standard Book Number | 8425316340 |
| 020 ## - INTERNATIONAL STANDARD BOOK NUMBER | |
| International Standard Book Number | 9788425316340 |
| 040 ## - CATALOGING SOURCE | |
| Transcribing agency | sjds |
| 041 ## - LANGUAGE CODE | |
| Language code of text/sound track or separate title | spa |
| 100 1# - MAIN ENTRY--PERSONAL NAME | |
| Personal name | Wisely, Charlotte |
| 245 10 - TITLE STATEMENT | |
| Title | Bienvenida, intrusa |
| Statement of responsibility, etc. | Charlotte Wisely |
| 260 ## - PUBLICATION, DISTRIBUTION, ETC. (IMPRINT) | |
| Place of publication, distribution, etc. | Barcelona : |
| Name of publisher, distributor, etc. | Ediciones Grijalbo, |
| Date of publication, distribution, etc. | c1984 |
| 300 ## - PHYSICAL DESCRIPTION | |
| Extent | 184 pages ; |
| Dimensions | 17 cm |
| 440 ## - SERIES STATEMENT/ADDED ENTRY--TITLE | |
| Title | Libro pasional |
| 942 ## - ADDED ENTRY ELEMENTS (KOHA) | |
| Koha item type | Libro/Book |
| Withdrawn status | Lost status | Damaged status | Not for loan | Home library | Current library | Date acquired | Total Checkouts | Full call number | Barcode | Checked out | Date last seen | Date checked out | Price effective from | Koha item type | Inventory number |
|---|---|---|---|---|---|---|---|---|---|---|---|---|---|---|---|
| San Juan Del Sur -- Mobile | El Baston | 21/12/2022 | 1 | F | 33016999 | 18/05/2023 | 13/04/2023 | 13/04/2023 | 21/12/2022 | Libro/Book | |||||
| San Juan Del Sur -- Mobile | San Juan Del Sur -- Mobile | 10/02/2025 | JF | 30029882 | 10/02/2025 | 10/02/2025 | Libro/Book | Inventory date: 15-5-25 |